Logo BPK

Biblioteka

Politechniki Koszalińskiej

Labour market institutions / (Rekord nr 53672)

Szczegóły MARC
000 -ETYKIETA REKORDU
podpole kontrolne o stałej długości 00865nam a2200265 i 4500
001 - NUMER KONTROLNY REKORDU
pole kontrolne bg
020 ## - MIĘDZYNARODOWY ZNORMALIZOWANY NUMER KSIĄŻKI - ISBN
ISBN 8360065799
020 ## - MIĘDZYNARODOWY ZNORMALIZOWANY NUMER KSIĄŻKI - ISBN
ISBN 9788360065792
040 ## - ŹRÓDŁO KATALOGOWANIA
Instytucja, która utworzyła rekord BPK
041 0# - KOD JĘZYKA
Kod języka tekstu eng
080 ## - UNIWERSALNA KLASYFIKACJA DZIESIĘTNA - UKD
UKD 331.5/.9(4:438)
920 ## - Międzynarodowy znormalizowany numer książki – ISBN
ISBN 83-60065-79-9
920 ## - Międzynarodowy znormalizowany numer książki – ISBN
ISBN 978-83-60065-79-2
008 - POLE O STAŁEJ DŁUGOŚCI - DANE KONTROLNE
podpole kontrolne o stałej długości s pl f |000 0 pol
245 00 - TYTUŁ/ODPOWIEDZIALNOŚĆ
Tytuł Labour market institutions /
Pozostałe elementy strefy tytułu i oznaczenia odpowiedzialności red. nauk. Danuta Kopycińska ; University of Szczecin. Microeconomics Department.
260 ## - STREFA ADRESU WYDAWNICZEGO
Miejsce wydania Szczecin :
Nazwa wydawcy/dystrybutora PRINT GROUP Daniel Krzanowski,
Data publikacji, dystrybucji/powstania dokumentu 2006.
300 ## - STREFA OPISU FIZYCZNEGO
Objętość 105 s. :
Inne cechy fizyczne 1 wykr. ;
Rozmiary 24 cm.
490 1# - STREFA SERII I DOKUMENTU WIELOCZĘŚCIOWEGO - FORMA NIE DO WYSZUKIWANIA
Tytuł i oznaczenie odpowiedzialności serii Economics & Competition Policy. Monogrph ;
Numeracja w obrębie serii No 6
504 ## - UWAGA DOTYCZĄCA BIBLIOGRAFII
Informacje o bibliografii Bibliogr. przy art.
650 #9 - HASŁO PRZEDMIOTOWE W FORMIE NAZWY OGÓLNEJ LUB JEDNOSTKOWEJ
Nazwa ogólna lub geograficzna Rynek pracy
Określnik geograficzny kraje Unii Europejskiej
650 #9 - HASŁO PRZEDMIOTOWE W FORMIE NAZWY OGÓLNEJ LUB JEDNOSTKOWEJ
Nazwa ogólna lub geograficzna Rynek pracy
Określnik geograficzny Polska
700 1# - HASŁO DODATKOWE - NAZWA OSOBOWA
Nazwa osobowa KOPYCIŃSKA, Danuta.
Określenie związku między hasłem a opisywanym materiałem Red.
830 #0 - HASŁO DODATKOWE SERII LUB DOKUMENTU WIELOCZĘŚCIOWEGO - TYTUŁ UJEDNOLICONY
Tytuł ujednolicony Economics & Competition Policy.
Nazwa części/sekcji dzieła Monogrph
856 ## - LOKALIZACJA I DOSTĘP DO ELEKTRONICZNYCH DOKUMENTÓW ZDALNYCH
Link (URL) http://koha.tu.koszalin.pl/cgi-bin/koha/opac-detail.pl?biblionumber=53672
Tekst linku Katalog online BPK
942 ## - DODATKOWE ELEMENTY (KOHA)
Typ dokumentu Książka
Egzemplarze
Wycofany Status egzemplarza Uszkodzony Dostępność Lokalizacja stała Lokalizacja bieżąca Miejsce przechowywania Sygnatura Kod kreskowy Typ dokumentu Ostatnio wypożyczono
      Tylko na miejscu Biblioteka Politechniki Koszalińskiej Biblioteka Politechniki Koszalińskiej Czytelnia Wydziałowa ul. Kwiatkowskiego 6e 84452 02374765 Książka  
      Dostępny Biblioteka Politechniki Koszalińskiej Biblioteka Politechniki Koszalińskiej Wypożyczalnia BG 84458 02374703 Książka 09.11.2018
© 2023 Biblioteka Politechniki Koszalińskiej :: KOHA